• 首页
  • 本馆介绍
  • 公告通知
  • 最新文献
  • 馆藏检索
  • 电子资源
  • 读者导购
  • 参考咨询
  • 我的图书馆
  • 登录
  • 详细信息显示
  • 放入我的书架
  • 预约/预借图书
  • 作者相关作品
  • 分类相关作品
  • 丛书相关作品
  • 出版社相关作品

书目信息

  • 表格格式
  • 工作单格式
  • 卡片格式
题名:
中国共产党章程
    
 
作者:
分册:  
出版信息: 北京   人民出版社  2022.10
页数: 33页
开本: 20cm
丛书名:
单 册:
中图分类: D21
科图分类:
主题词: 中国共产党
电子资源:
ISBN: 978-7-01-025153-0
000 00502nam0 2200181 450
001 2362072789
005 20230531091926.12
010    @a978-7-01-025153-0@dCNY4.00
100    @a20230530d2022 km y0chiy0120 ea
101 0  @achi
102    @aCN@b110000
200 1  @a中国共产党章程@AZhong Guo Gong Chan Dang Zhang Cheng
210    @a北京@c人民出版社@d2022.10
215    @a33页@d20cm
606 0  @a中国共产党
690    @aD21@v4
801  0 @aCN@b大连网信软件有限公司图书馆·11@c20230531
905    @aZUCC@dD21@e225
    
    中国共产党章程.-北京:人民出版社,2022.10
    33页;20cm
    
    
    ISBN 978-7-01-025153-0:CNY4.00
    
●
相关链接 在E读中查询图书 在五车中查询图书 在当当中查询图书 在豆瓣中查询图书


正题名:中国共产党章程     索取号:D21/225         预约/预借

序号 登录号 条形码 馆藏地/架位号 状态 备注
1 1052802   210528026   第一样本阅览室/ [索取号:D21/225] 在馆    
2 1052803   210528035   第一借阅区/ [索取号:D21/225] 在馆    
3 1052804   210528044   第一借阅区/ [索取号:D21/225] 在馆    
唐山师范学院图书馆 欢迎您!
大连网信软件有限公司© 版权所有